I saw Biafra

Saved in:
Bibliographic Details
Main Author: AKUNEME, Ndubueze Charles
Format: Book
Language:English
Published: The Book Publishers, 2004
Tags: Add Tag
No Tags, Be the first to tag this record!

MARC

LEADER 00000nam a22000007a 4500
008 201214b ||||| |||| 00| 0 eng d
020 |a ISBN: 978-36778-3-7 
100 |a AKUNEME, Ndubueze Charles 
245 |a I saw Biafra  |c Ndubueze Charles Akuneme  |g  vii; 110p 
260 |b The Book Publishers,  |c  2004  |h Lagos:  |i 683043  |l PR9387.9 .Ak8  |m  Nigeria – History – Civil War, 1967 – 1970 - Fiction  |m Children and war – Eastern Nigeria – Fiction.  |m  Nigerian – Politics and government – 1960 1975 – Fiction 
942 |a lcc  |c BK  |e Olagoke,M A  |f 14/12/2020 
952 |0 0  |1 0  |2 lcc  |4 0  |6 PR93879 A K8  |7 0  |9 482  |a HOL  |b AC  |c LP  |d 2020-12-14  |l 0  |o PR9387.9 .Ak8  |p 2020-2211  |r 2020-12-14 00:00:00  |w 2020-12-14  |y BK 
999 |c 248  |d 248